| 000 | 00584nam a22001457a 4500 | ||
|---|---|---|---|
| 003 | OSt | ||
| 005 | 20150905142140.0 | ||
| 008 | 150905b xxu||||| |||| 00| 0 eng d | ||
| 040 | _cRUA | ||
| 082 | _aAGR វឿង 1992 B003 Or.1 | ||
| 100 |
_930 _aវឿង វូ |
||
| 245 | _aដំណាំស្រូវក្នុងប្រព័ន្ធមុខរបររបស់ប្រជាជន ភូមិស្រែអំពិល ឃុំឈើទាល ស្រុកកៀនស្វាយ ខេត្តកណ្ដាល | ||
| 300 |
_a68p. _bill. _c29cm. |
||
| 942 |
_2ddc _cAGR |
||
| 999 |
_c30 _d30 |
||